00781cam a2200229 a 450000100100000000500170001000800410002702000150006804000250008308200240010810000400013224500590017224600970023125000110032826000450033930000210038449000260040558600360043165000220046765000360048983000260052500000827520200929161324.0910315s1994 sp r 001 f spa  a8408001167 aDO-SdBNPbspacBNPHU a863.64bS211c, 19941 aSánchez Dragó, Fernando,d1936-13aEl camino del corazón /cFernando Sánchez Dragó.13aEl camino del corazón: un largo viaje a Oriente en busca de la sabiduría y la felicidad. a3a ed. aBarcelona, (España) :bPlaneta,c1994. a279 p. ;c21 cm.1 aPlaneta bolsillov392 aFinalista premio planeta, 1990. 4aNovela española 4aLiteratura españolaySIGLO XX 0aPlaneta bolsillon392